Statistics for Guess the european country

Click here to take the quiz!

General Stats

  • This quiz has been taken 97 times
  • The average score is 22 of 27

Answers on the Map

Answers color-coded by a green-red scale on the quiz's map according to % correct below.
 

Answer Stats

Answer% Correct
Greece
90%
France
89%
Germany
89%
Austria
87%
Spain
87%
Poland
86%
Russia
86%
San Marino
86%
Albania
84%
Iceland
84%
United Kingdom
84%
Denmark
83%
Portugal
83%
Ukraine
83%
Vatican City
83%
Andorra
81%
Ireland
81%
Norway
80%
Estonia
79%
Kosovo
79%
Netherlands
79%
Sweden
79%
Belgium
74%
Latvia
74%
Liechtenstein
74%
Lithuania
74%
Moldova
71%

Score Distribution

Percentile by Number Answered

Percent of People with Each Score

Your Score History

You have not taken this quiz